[Event "DEM U12w 2023"]
[Site "Willingen GER"]
[Date "2023.05.31"]
[Round "5"]
[White "Krannich, Eva"]
[Black "Albrecht, Sidney Jenna"]
[Result "1-0"]
[Termination "normal"]
[Board "20"]
[WhiteElo "1025"]
[BlackElo "1079"]
[WhiteClock "00:12:06"]
[BlackClock "00:44:12"]
[PlyCount "147"]
[WhiteFideId "34639713"]
[BlackFideId "34660283"]
[EventCountry "GER"]
[EventRounds "9"]
[EventType "swiss"]
[EventDate "2023.05.27"]

1. e4 {[%clk 01:30:58]} {[%emt 00:00:01]} c5 {[%clk 01:30:51]} {[%emt
00:00:09]} 2. Nc3 {[%clk 01:31:13]} {[%emt 00:00:15]} Nc6 {[%clk 01:31:10]}
{[%emt 00:00:12]} 3. f4 {[%clk 01:31:16]} {[%emt 00:00:26]} g6 {[%clk
01:29:33]} {[%emt 00:02:07]} 4. d3 {[%clk 01:31:01]} {[%emt 00:00:45]} Bg7
{[%clk 01:29:24]} {[%emt 00:00:39]} 5. Nf3 {[%clk 01:30:43]} {[%emt 00:00:47]}
e6 {[%clk 01:29:26]} {[%emt 00:00:29]} 6. Be2 {[%clk 01:30:05]} {[%emt
00:01:08]} Nge7 {[%clk 01:29:25]} {[%emt 00:00:32]} 7. O-O {[%clk 01:30:01]}
{[%emt 00:00:32]} O-O {[%clk 01:29:10]} {[%emt 00:00:47]} 8. Be3 {[%clk
01:29:14]} {[%emt 00:01:16]} b6 {[%clk 01:28:05]} {[%emt 00:01:36]} 9. a3
{[%clk 01:27:42]} {[%emt 00:02:02]} d5 {[%clk 01:28:07]} {[%emt 00:00:28]} 10.
Bc1 {[%clk 01:26:10]} {[%emt 00:02:01]} Ba6 {[%clk 01:24:52]} {[%emt 00:03:44]}
11. Qe1 {[%clk 01:21:11]} {[%emt 00:05:29]} Rb8 {[%clk 01:21:21]} {[%emt
00:04:02]} 12. h3 {[%clk 01:18:11]} {[%emt 00:03:29]} Qc7 {[%clk 01:15:55]}
{[%emt 00:05:56]} 13. g4 {[%clk 01:15:26]} {[%emt 00:03:14]} f5 {[%clk
01:11:47]} {[%emt 00:04:39]} 14. Qh4 {[%clk 01:07:29]} {[%emt 00:08:28]} Bf6
{[%clk 01:08:24]} {[%emt 00:03:53]} 15. Ng5 {[%clk 01:04:22]} {[%emt 00:03:36]}
Bxg5 {[%clk 01:07:49]} {[%emt 00:01:05]} 16. Qxg5 {[%clk 01:03:01]} {[%emt
00:01:49]} dxe4 {[%clk 01:07:33]} {[%emt 00:00:48]} 17. dxe4 {[%clk 01:00:01]}
{[%emt 00:03:30]} Bxe2 {[%clk 01:06:43]} {[%emt 00:01:20]} 18. Nxe2 {[%clk
01:00:13]} {[%emt 00:00:18]} fxe4 {[%clk 01:06:25]} {[%emt 00:00:48]} 19. h4
{[%clk 00:48:11]} {[%emt 00:12:31]} Nd8 {[%clk 01:03:59]} {[%emt 00:02:57]} 20.
b3 {[%clk 00:44:44]} {[%emt 00:03:58]} Nf7 {[%clk 01:04:05]} {[%emt 00:00:24]}
21. Qf6 {[%clk 00:42:01]} {[%emt 00:03:13]} Nd8 {[%emt 00:02:25]} 22. Qg5
{[%clk 00:35:19]} {[%emt 00:07:00]} h6 {[%clk 00:59:22]} {[%emt 00:03:29]} 23.
Qe5 {[%clk 00:33:24]} {[%emt 00:02:26]} Qxe5 {[%clk 00:59:40]} {[%emt
00:00:12]} 24. fxe5 {[%clk 00:33:44]} {[%emt 00:00:09]} Rxf1+ {[%clk 00:59:44]}
{[%emt 00:00:26]} 25. Kxf1 {[%clk 00:34:02]} {[%emt 00:00:11]} h5 {[%clk
00:59:31]} {[%emt 00:00:44]} 26. gxh5 {[%clk 00:33:11]} {[%emt 00:01:21]} gxh5
{[%clk 00:59:52]} {[%emt 00:00:09]} 27. Bg5 {[%clk 00:33:05]} {[%emt 00:00:36]}
Nec6 {[%clk 01:00:05]} {[%emt 00:00:17]} 28. Ng3 {[%clk 00:32:07]} {[%emt
00:01:29]} Nf7 {[%clk 00:58:36]} {[%emt 00:01:59]} 29. Bf6 {[%emt 00:03:24]}
Rf8 {[%clk 00:58:00]} {[%emt 00:00:04]} 30. Ke2 {[%clk 00:28:01]} {[%emt
00:02:45]} Ncxe5 {[%clk 00:55:17]} {[%emt 00:03:12]} 31. Nxe4 {[%clk 00:26:29]}
{[%emt 00:02:02]} Ng6 {[%clk 00:54:38]} {[%emt 00:01:08]} 32. Rg1 {[%clk
00:25:53]} {[%emt 00:01:07]} Kh7 {[%clk 00:54:25]} {[%emt 00:00:43]} 33. Bg5
{[%clk 00:25:03]} {[%emt 00:01:20]} Nxg5 {[%clk 00:53:49]} {[%emt 00:01:06]}
34. Nxg5+ {[%clk 00:25:21]} {[%emt 00:00:12]} Kh6 {[%clk 00:53:53]} {[%emt
00:00:26]} 35. Ke3 {[%clk 00:23:46]} {[%emt 00:02:06]} Nxh4 {[%clk 00:53:35]}
{[%emt 00:00:47]} 36. c4 {[%clk 00:20:30]} {[%emt 00:03:47]} Rf5 {[%clk
00:49:59]} {[%emt 00:04:05]} 37. Ke4 {[%clk 00:19:15]} {[%emt 00:01:45]} Rxg5
{[%clk 00:50:10]} {[%emt 00:00:20]} 38. Rf1 {[%clk 00:19:07]} {[%emt 00:00:37]}
Rg4+ {[%clk 00:49:08]} {[%emt 00:01:31]} 39. Ke5 {[%clk 00:19:24]} {[%emt
00:00:14]} Ng6+ {[%clk 00:48:47]} {[%emt 00:00:52]} 40. Kxe6 {[%clk 00:19:39]}
{[%emt 00:00:15]} h4 {[%clk 00:48:28]} {[%emt 00:00:49]} 41. Rh1 {[%clk
00:19:06]} {[%emt 00:01:02]} Rd4 {[%clk 00:47:54]} {[%emt 00:01:04]} 42. Kf6
{[%clk 00:17:33]} {[%emt 00:02:03]} Kh5 {[%clk 00:46:01]} {[%emt 00:02:23]} 43.
Rg1 {[%clk 00:17:10]} {[%emt 00:00:54]} Nf4 {[%clk 00:45:22]} {[%emt 00:01:09]}
44. Rg5+ {[%clk 00:14:20]} {[%emt 00:03:20]} Kh6 {[%clk 00:45:30]} {[%emt
00:00:21]} 45. Rg1 {[%clk 00:12:29]} {[%emt 00:02:21]} h3 {[%clk 00:44:56]}
{[%emt 00:01:04]} 46. Rh1 {[%clk 00:12:22]} {[%emt 00:00:37]} Kh5 {[%clk
00:44:51]} {[%emt 00:00:34]} 47. Kf5 {[%clk 00:12:20]} {[%emt 00:00:32]} Kh4
{[%clk 00:45:01]} {[%emt 00:00:20]} 48. Re1 {[%clk 00:11:02]} {[%emt 00:01:48]}
Nd3 {[%clk 00:44:48]} {[%emt 00:00:42]} 49. Re7 {[%clk 00:10:53]} {[%emt
00:00:40]} h2 {[%clk 00:45:02]} {[%emt 00:00:16]} 50. Rxa7 {[%clk 00:11:00]}
{[%emt 00:00:23]} h1=Q {[%clk 00:45:14]} {[%emt 00:00:08]} 51. Rh7+ {[%clk
00:11:27]} {[%emt 00:00:13]} Kg3 {[%clk 00:45:16]} {[%emt 00:00:27]} 52. Rxh1
{[%clk 00:11:52]} Kf3 {[%clk 00:44:55]} {[%emt 00:00:57]} 53. Rh2 {[%clk
00:11:20]} {[%emt 00:01:02]} Nc1 {[%clk 00:43:52]} {[%emt 00:01:33]} 54. Rb2
{[%clk 00:11:12]} {[%emt 00:00:39]} Re4 {[%clk 00:43:12]} {[%emt 00:01:10]} 55.
Rb1 {[%clk 00:11:04]} {[%emt 00:00:38]} Nd3 {[%clk 00:43:01]} {[%emt 00:00:40]}
56. Rf1+ {[%clk 00:10:41]} {[%emt 00:00:53]} Nf2 {[%clk 00:42:56]} {[%emt
00:00:35]} 57. Rxf2+ {[%clk 00:11:03]} {[%emt 00:00:08]} Ke3 {[%clk 00:42:55]}
{[%emt 00:00:31]} 58. Re2+ {[%clk 00:09:14]} {[%emt 00:02:19]} Kxe2 {[%clk
00:43:04]} {[%emt 00:00:21]} 59. Kxe4 {[%clk 00:09:40]} {[%emt 00:00:05]} Kd2
{[%clk 00:43:04]} {[%emt 00:00:29]} 60. b4 {[%clk 00:09:39]} {[%emt 00:00:32]}
Kc3 {[%clk 00:42:55]} {[%emt 00:00:39]} 61. bxc5 {[%clk 00:09:31]} {[%emt
00:00:37]} bxc5 {[%clk 00:42:17]} {[%emt 00:01:08]} 62. Kd5 {[%clk 00:09:55]}
{[%emt 00:00:06]} Kb3 {[%clk 00:42:27]} {[%emt 00:00:21]} 63. Kxc5 {[%clk
00:10:10]} {[%emt 00:00:14]} Ka4 {[%clk 00:42:36]} {[%emt 00:00:22]} 64. Kd6
{[%clk 00:09:47]} {[%emt 00:00:52]} Kxa3 {[%clk 00:42:34]} {[%emt 00:00:33]}
65. c5 {[%clk 00:10:08]} {[%emt 00:00:07]} Kb4 {[%clk 00:42:49]} {[%emt
00:00:17]} 66. c6 {[%clk 00:10:24]} {[%emt 00:00:14]} Kb5 {[%clk 00:43:14]}
{[%emt 00:00:05]} 67. c7 {[%clk 00:10:48]} {[%emt 00:00:06]} Kb6 {[%clk
00:43:30]} {[%emt 00:00:14]} 68. c8=Q {[%emt 00:00:20]} Ka7 {[%clk 00:43:31]}
{[%emt 00:00:23]} 69. Qc4 {[%clk 00:11:11]} {[%emt 00:00:22]} Kb7 {[%clk
00:43:31]} {[%emt 00:00:30]} 70. Qc5 {[%clk 00:11:10]} {[%emt 00:00:30]} Kb8
{[%clk 00:43:18]} {[%emt 00:00:43]} 71. Qc6 {[%clk 00:11:26]} {[%emt 00:00:15]}
Ka7 {[%clk 00:43:36]} {[%emt 00:00:12]} 72. Qb5 {[%clk 00:11:50]} {[%emt
00:00:06]} Ka8 {[%clk 00:43:52]} {[%emt 00:00:14]} 73. Kc7 {[%clk 00:12:11]}
{[%emt 00:00:08]} Ka7 {[%clk 00:44:12]} {[%emt 00:00:10]} 74. Qb7# {[%clk
00:12:06]} {[%emt 00:00:05]} 1-0

[Event "DEM U12w 2023"]
[Site "Willingen GER"]
[Date "2023.05.31"]
[Round "5"]
[White "Margaryan, Mari"]
[Black "Neumann, Anna-Lena"]
[Result "1-0"]
[Termination "normal"]
[Board "21"]
[WhiteElo "949"]
[BlackElo "740"]
[WhiteClock "00:55:05"]
[BlackClock "01:00:05"]
[PlyCount "89"]
[WhiteFideId "16279700"]
[BlackFideId "34660321"]
[EventCountry "GER"]
[EventRounds "9"]
[EventType "swiss"]
[EventDate "2023.05.27"]

1. d4 {[%clk 01:30:58]} {[%emt 00:00:01]} Nf6 {[%clk 01:30:53]} {[%emt
00:00:08]} 2. Nf3 {[%clk 01:31:01]} {[%emt 00:00:27]} g6 {[%clk 01:31:06]}
{[%emt 00:00:17]} 3. Bf4 {[%clk 01:30:32]} {[%emt 00:00:58]} Bg7 {[%clk
01:31:00]} {[%emt 00:00:36]} 4. Qd2 {[%clk 01:30:45]} {[%emt 00:00:17]} d6
{[%clk 01:30:57]} {[%emt 00:00:34]} 5. Bh6 {[%clk 01:30:29]} {[%emt 00:00:46]}
O-O {[%clk 01:30:40]} {[%emt 00:00:47]} 6. Nc3 {[%clk 01:27:31]} {[%emt
00:03:28]} Nc6 {[%clk 01:30:35]} {[%emt 00:00:35]} 7. e3 {[%clk 01:27:28]}
{[%emt 00:00:33]} e5 {[%clk 01:30:17]} {[%emt 00:00:47]} 8. Bxg7 {[%clk
01:27:47]} {[%emt 00:00:11]} Kxg7 {[%clk 01:30:16]} {[%emt 00:00:31]} 9. O-O-O
{[%clk 01:27:21]} {[%emt 00:00:57]} exd4 {[%clk 01:30:22]} {[%emt 00:00:24]}
10. exd4 {[%clk 01:27:40]} {[%emt 00:00:10]} Re8 {[%clk 01:30:20]} {[%emt
00:00:32]} 11. Bc4 {[%clk 01:27:16]} {[%emt 00:00:55]} Na5 {[%clk 01:29:27]}
{[%emt 00:01:22]} 12. Qd3 {[%clk 01:25:18]} {[%emt 00:02:29]} Bf5 {[%clk
01:28:26]} {[%emt 00:01:31]} 13. Qf1 {[%clk 01:24:00]} {[%emt 00:01:46]} d5
{[%clk 01:27:38]} {[%emt 00:01:20]} 14. Bd3 {[%clk 01:22:38]} {[%emt 00:01:50]}
Bg4 {[%clk 01:25:09]} {[%emt 00:03:00]} 15. Be2 {[%clk 01:20:40]} {[%emt
00:02:28]} c6 {[%clk 01:24:35]} {[%emt 00:01:05]} 16. h3 {[%clk 01:20:45]}
{[%emt 00:00:25]} Bxf3 {[%clk 01:24:28]} {[%emt 00:00:37]} 17. Bxf3 {[%clk
01:21:00]} {[%emt 00:00:15]} Nc4 {[%clk 01:24:20]} {[%emt 00:00:38]} 18. Qd3
{[%clk 01:18:46]} {[%emt 00:02:31]} Qb6 {[%clk 01:24:03]} {[%emt 00:01:00]} 19.
b3 {[%clk 01:18:09]} {[%emt 00:01:07]} Qa6 {[%clk 01:22:47]} {[%emt 00:01:45]}
20. bxc4 {[%clk 01:15:43]} {[%emt 00:02:57]} dxc4 {[%clk 01:21:15]} {[%emt
00:02:02]} 21. Qd2 {[%clk 01:15:17]} {[%emt 00:00:55]} Qa3+ {[%clk 01:21:25]}
{[%emt 00:00:19]} 22. Kb1 {[%clk 01:15:24]} {[%emt 00:00:24]} Rac8 {[%clk
01:18:47]} {[%emt 00:03:07]} 23. h4 {[%clk 01:14:59]} {[%emt 00:00:55]} c5
{[%clk 01:18:24]} {[%emt 00:00:53]} 24. Qc1 {[%clk 01:11:55]} {[%emt 00:03:35]}
Qb4+ {[%clk 01:18:11]} {[%emt 00:00:41]} 25. Qb2 {[%clk 01:11:29]} {[%emt
00:00:57]} Qa5 {[%clk 01:17:01]} {[%emt 00:01:40]} 26. Bxb7 {[%clk 01:08:40]}
{[%emt 00:03:20]} Rb8 {[%clk 01:13:30]} {[%emt 00:03:59]} 27. dxc5 {[%clk
01:06:58]} {[%emt 00:02:13]} Re7 {[%clk 01:13:05]} {[%emt 00:00:53]} 28. c6
{[%clk 01:05:14]} {[%emt 00:02:14]} Rc7 {[%clk 01:12:52]} {[%emt 00:00:45]} 29.
Rd6 {[%clk 01:02:19]} {[%emt 00:03:20]} Qc5 {[%clk 01:12:12]} {[%emt 00:01:14]}
30. Ne4 {[%clk 01:01:55]} {[%emt 00:00:54]} Qh5 {[%clk 01:09:25]} {[%emt
00:05:24]} 31. Nxf6 {[%clk 01:02:13]} {[%emt 00:01:45]} Qe2 {[%clk 01:08:39]}
{[%emt 00:01:15]} 32. Ne8+ {[%clk 00:56:51]} {[%emt 00:05:53]} Kh6 {[%clk
01:08:09]} {[%emt 00:00:59]} 33. Nxc7 {[%clk 00:57:09]} {[%emt 00:00:12]} Qxf2
{[%clk 01:07:11]} {[%emt 00:01:30]} 34. Na6 {[%clk 00:56:54]} {[%emt 00:00:44]}
Re8 {[%clk 01:06:43]} {[%emt 00:00:56]} 35. Qc1+ {[%clk 00:56:41]} {[%emt
00:00:44]} Kh5 {[%clk 01:06:38]} {[%emt 00:00:34]} 36. c7 {[%clk 00:56:44]}
{[%emt 00:00:29]} Re2 {[%clk 01:06:28]} {[%emt 00:00:39]} 37. Bf3+ {[%clk
00:56:37]} {[%emt 00:00:34]} Qxf3 {[%clk 01:06:11]} {[%emt 00:00:51]} 38. gxf3
{[%clk 00:56:56]} {[%emt 00:00:10]} h6 {[%clk 01:05:30]} {[%emt 00:01:11]} 39.
c8=Q {[%clk 00:57:15]} {[%emt 00:00:12]} Rg2 {[%clk 01:05:13]} {[%emt
00:00:45]} 40. Qc5+ {[%clk 00:56:59]} {[%emt 00:00:46]} f5 {[%clk 01:04:56]}
{[%emt 00:00:48]} 41. Rg1 {[%clk 00:56:09]} {[%emt 00:01:18]} Rh2 {[%clk
01:04:42]} {[%emt 00:00:46]} 42. Rdxg6 {[%clk 00:55:33]} {[%emt 00:01:05]} Rg2
{[%clk 01:00:45]} {[%emt 00:04:28]} 43. Qxf5+ {[%clk 00:55:40]} {[%emt
00:00:21]} Rg5 {[%clk 01:00:07]} {[%emt 00:01:10]} 44. R1xg5+ {[%clk 00:55:43]}
{[%emt 00:00:27]} Kxh4 {[%clk 01:00:05]} {[%emt 00:00:31]} 45. Qh1# {[%clk
00:55:05]} {[%emt 00:00:27]} 1-0